|
|
|
|
| LEADER |
00000nam a2200000 i 4500 |
| 003 |
Ucuenca |
| 005 |
20230308231114.0 |
| 006 |
a||||fr|||| 001 0 |
| 007 |
ta |
| 008 |
210617t19781978ag ddddf |||| 001 0 spa a |
| 040 |
|
|
|a UCuenca-cdrjbv
|b spa
|c UCuenca
|e rda
|
| 041 |
0 |
|
|a spa
|
| 082 |
0 |
|
|2 22
|a 372.21
|c 30475566
|
| 245 |
0 |
0 |
|a Actividades musicales para niños en edad preescolar /
|c María G.F. de Género.
|
| 250 |
|
|
|a Primera edición.
|
| 264 |
|
1 |
|a Buenos Aires:
|b Kapelusz,
|c 1978.
|
| 264 |
|
4 |
|c ©1978
|
| 300 |
|
|
|a 92 páginas:
|b gra
|c 22 cm
|
| 336 |
|
|
|2 rdacontent
|a texto
|b txt
|
| 337 |
|
|
|2 rdamedia
|a no mediado
|b n
|
| 338 |
|
|
|2 rdacarrier
|a volumen
|b nc
|
| 505 |
1 |
|
|a El espacio, el tiempo y el movimiento -- Educación rítmica: ritmo en el lenguaje -- Ritmo percutido -- Educación auditiva: cualidades del sonido -- Educación melódica.
|
| 650 |
1 |
7 |
|2 UCuenca-cdrjbv
|9 2212
|a Educación preescolar
|
| 650 |
1 |
7 |
|2 UCuenca-cdrjbv
|9 13799
|a Educación musical
|
| 651 |
|
|
|2 UCuenca-cdrjbv
|
| 942 |
|
|
|2 ddc
|c BK
|z patricia.tenesaca@ucuenca.edu.ec
|
| 999 |
|
|
|c 159400
|d 159400
|